О взаимодействии нафтохинонов с фенолами и ароматическими аминами; Доклады первой Всесоюзной Межвузовской конференции по химии органических комплексных соединений (19-24 декабря 1959 г.)

Podrobná bibliografie
Parent link:Доклады первой Всесоюзной Межвузовской конференции по химии органических комплексных соединений (19-24 декабря 1959 г.).— 1959.— С. 76-77
Hlavní autor: Тронов Б. В.
Další autoři: Бортовой И. М., Москаленко Н. П.
Jazyk:ruština
Vydáno: 1959
Témata:
Médium: MixedMaterials Kapitola
KOHA link:https://koha.lib.tpu.ru/cgi-bin/koha/opac-detail.pl?biblionumber=591532

MARC

LEADER 00000naa0a2200000 4500
001 591532
005 20250826114701.0
035 |a (RuTPU)RU\TPU\tpu\1870 
035 |a TPU00001870 
090 |a 591532 
100 |a 20011210d1959 k||y0rusy50 ca 
101 0 |a rus 
102 |a RU 
200 1 |a О взаимодействии нафтохинонов с фенолами и ароматическими аминами  |f Б. В. Тронов, И. М. Бортовой, Н. П. Москаленко 
463 1 |t Доклады первой Всесоюзной Межвузовской конференции по химии органических комплексных соединений (19-24 декабря 1959 г.)  |v С. 76-77  |d 1959 
610 1 |a химические науки 
610 1 |a труды учёных ТПУ 
700 1 |a Тронов  |b Б. В. 
701 1 |a Бортовой  |b И. М. 
701 1 |a Москаленко  |b Н. П. 
801 0 |a RU  |b 63413507  |c 20011210  |g PSBO 
801 2 |a RU  |b 63413507  |c 20060309  |g PSBO 
942 |c BK